| 000 | 00377nam a22001217a 4500 | ||
|---|---|---|---|
| 008 | 180604b xxu||||| |||| 00| 0 eng d | ||
| 041 | _aeng | ||
| 080 | _a043.3 | ||
| 100 | _a0 | ||
| 101 | _aMBE-MTH | ||
| 245 |
_a"Investments from foreign financial institutions during the period 2000-2008 and their impact in the job creation by SMEs in Kosovo" _cVezgishi,A |
||
| 942 |
_2udc _cBK |
||
| 999 |
_c46263 _d46263 |
||